000 00304cam a2200133ua 4500
003 OSt
008 221110b |||||||| |||| 00| 0 eng d
041 _aeng
082 _a338.06
_bKHA/AN
245 _aAnnual report 1964-65
260 _aBombay :
_bJ N Varma ,
_c1966.
300 _a152 ; .
942 _cBK
999 _c5860
_d5860